| 000 | 01269nam a2200205Ia 4500 | ||
|---|---|---|---|
| 003 | OSt | ||
| 005 | 20210812155506.0 | ||
| 008 | 210310s1991 ck gr 000 0 spa d | ||
| 040 |
_aCO-JMCR _cCO-JMCR |
||
| 041 | 0 | _aspa | |
| 082 | 0 | 4 |
_a332.64286142 / _bB693i _223 |
| 110 | 2 |
_aBolsa de Bogotá _936239 |
|
| 245 | 1 | 0 |
_aInformaciones generales de la Bolsa de Bogotá / _cBolsa de Bogotá |
| 260 |
_aBogotá : _bBolsa de Bogotá, _c1991 |
||
| 300 |
_a101 páginas ; _c27 cm. |
||
| 505 | 0 | _aQué es qué hace la Bolsa de Bogotá -- Glosario de Términos Bursátiles -- Miembros Activos de la Bolsa de Bogotá -- Normas aplicables y procedimientos para la admisión de miembros Comisionistas en la Bolsa de Bogotá -- Requisitos para la Inscripción de acciones en la Bolsa de Bogotá S.A. -- Requisitos para la Inscripción de valores diferentes de acciones -- Títulos negociables inscritos en la Bolsa de Bogotá S.A -- Tarifa de Comisiones en vigencia -- Volumen Acumulado de transacciones en la Bolsa de Bogotá -- Publicaciones de la Bolsa de Bogotá -- Organigrama de la Bolsa de Bogotá -- Servicios de Información que ofrece la Bolsa de Bogotá | |
| 650 | 1 | 4 |
_aBolsa de valores _916943 _xColombia |
| 650 | 2 | 4 |
_aBolsa de Bogotá _xInformes _939361 |
| 942 |
_2ddc _cBK |
||
| 999 |
_c8323 _d8323 |
||